"Собор" і навколо cобору (Запис № 349861)
[ простий вигляд ]
| 000 -Лідер | |
|---|---|
| fixed length control field | 01528nam a22002657a 4500 |
| 001 - Контрольний номер | |
| control field | 63800 |
| 003 - Ідентифікатор контрольного номера | |
| control field | UA-OsUOA |
| 005 - Дата та час останнього входження (трансакції) | |
| control field | 20260330103515.0 |
| 007 - Фіксоване поле фізичного опису | |
| fixed length control field | ta |
| 008 - Елементи даних фіксованої довжини – загальна інформація | |
| fixed length control field | 20091019b un ||-urao||| 00| 0 ukr dukr d |
| 020 ## - Міжнародний стандартний книжковий номер (ISBN) | |
| Міжнародний стандартний книжковий номер (ISBN) (НП) | 5772005006 |
| 040 ## - Джерело каталогізації | |
| Агенція оригінальної каталогізації | UA-OsUOA |
| Мова каталогізації | ukr |
| Агенція, яка здійснювала перезапис | UA-OsUOA |
| Агенція, яка здійснювала модифікацію | UA-OsUOA |
| 041 ## - Код мови | |
| Код мови тексту/ звукової доріжки чи окремого заголовка (П) | ukr |
| 080 ## - Індекс Універсальної десяткової класифікації | |
| Індекс Універсальної десяткової класифікації (УДК) (НП) | 82.09(477) |
| 090 ## - Локальний шифр розміщення | |
| Класифікаційний індекс УДК | 82.09(477) |
| Авторський знак (НП) | К56 |
| 100 ## - Основне введення – ім’я особи | |
| Ім’я особи (НП) | Коваль В. К. |
| 9 (RLIN) | 24744 |
| 245 ## - Відомості про назву | |
| Назва (НП) | "Собор" і навколо cобору |
| Дані про відповідальність (НП) | Віталій Коваль |
| 260 ## - Публікація, розповсюдження і т.п. (Вихідні дані) | |
| Місце публікації, розповсюдження і т.п. (П) | Київ |
| Ім’я/ наймення видавництва, розповсюджувача і т.п. (П) | Молодь |
| Дата публікації, розповсюдження і т.п. (П) | 1989 |
| 300 ## - Фізичний опис | |
| Обсяг | 272 с. |
| 520 3# - Резюме і т.п. | |
| Резюме, реферат, анотація, тощо (НП) | "Я не читав, але рішуче засуджую" - ще недавно у такий спосіб оцінювалися художні твори, визнані брежневсько-суслівською командою "крамольними". В застійний період роман Олеся Гончара "Собор" було проголошено "ідейно ущербним", піддано анафемі, як і твори багатьох українських письменників.<br/>У книзі простежуються багатостраждальна доля української літератури, драматизм цькуванняїї чинодралами й фарисеями. |
| 650 #7 - Додаткове предметне введення – тематичний термін | |
| Тематичний термін чи географічна назва, як елемент введення (НП) | 82 Література. Літературознавство |
| Джерело заголовка чи терміна | UDC |
| 9 (RLIN) | 15 |
| 942 ## - Додаткові елементи входу (Коха) | |
| Тип елемента Koha | Книги |
| Source of classification or shelving scheme | Universal Decimal Classification |
| 955 ## - Код типу видання за змістом | |
| Код типу видання за змістом (НП) | Науково-популярні видання |
| Стан вилучень | Стан втрат | Джерело класифікації або схеми стелажів | Стан уражень | Не для кредиту | Код колекції | Постійне місце розташування | Поточне розміщення | Дата придбання | Джерело придбання | Вартість, звичайна ціна покупки | Інвентарний номер | Усього замовленно | Повний номер виклику | Штрих-код | Дата останнього перегляду | Ціна ефективна від | Тип елемента Koha | Вартість, ціна заміни |
|---|---|---|---|---|---|---|---|---|---|---|---|---|---|---|---|---|---|---|
| Universal Decimal Classification | АБ - Абонемент НБ | АБ - Абонемент НБ | 11/04/2013 | 20/2013 | 5.00 | 142149 | 82.09(477) К56 | 142149 | 10/02/2022 | 19/10/2009 | Книги | |||||||
| Universal Decimal Classification | Колекція Шевчука Валерія | ВІЛ - Відділ іноземн. літератури НБ | ВІЛ - Відділ іноземн. літератури НБ | 24/03/2026 | Акт №14/24.03.2026 | 25.00 | 169647 | 82.09(477) К56 | 169647 | 30/03/2026 | 30/03/2026 | Книги | 25.00 | |||||
| Universal Decimal Classification | Колекція Жулинського М.Г. | ЧЗ - Читальна зала | ЧЗ - Читальна зала | 12/09/2007 | 142/2007 | 2.00 | 107432 | 82.09 К56 | 107432 | 06/02/2022 | 12/09/2007 | Книги | ||||||
| Universal Decimal Classification | Колекція Ковальського М.П. | ЧЗ - Читальна зала | ЧЗ - Читальна зала | 19/10/2009 | 128/2009 | 5.00 | 123692 | 82.09(477) К56 | 123692 | 07/02/2022 | 19/10/2009 | Книги |